Cloud enabled project automatic management system (Record no. 12702)
[ view plain ]
| 000 -LEADER | |
|---|---|
| fixed length control field | 00511nam a22001457a 4500 |
| 082 ## - DEWEY DECIMAL CLASSIFICATION NUMBER | |
| Classification number | BIT-10 AWA |
| 100 ## - MAIN ENTRY--PERSONAL NAME | |
| Personal name | M. Awais Wali |
| 9 (RLIN) | 93245 |
| 245 ## - TITLE STATEMENT | |
| Title | Cloud enabled project automatic management system |
| 260 ## - PUBLICATION, DISTRIBUTION, ETC. | |
| Place of publication, distribution, etc. | Islamabad |
| Name of publisher, distributor, etc. | NUST School of Electrical Engineering and Computer Science |
| Date of publication, distribution, etc. | 2013 |
| 300 ## - PHYSICAL DESCRIPTION | |
| Accompanying material | CD-Rom |
| 500 ## - GENERAL NOTE | |
| General note | Supervisor: Dr. Mohsan Jameel |
| 700 ## - ADDED ENTRY--PERSONAL NAME | |
| Personal name | M. Nawaz Khan, M. Imran Khan and M. Sabir |
| 9 (RLIN) | 93246 |
| 856 ## - ELECTRONIC LOCATION AND ACCESS | |
| Uniform Resource Identifier | <a href="http://10.250.8.41:8080/xmlui/handle/123456789/29026">http://10.250.8.41:8080/xmlui/handle/123456789/29026</a> |
| 942 ## - ADDED ENTRY ELEMENTS (KOHA) | |
| Koha item type | Project Report |
| Source of classification or shelving scheme | |
| Withdrawn status | Lost status | Source of classification or shelving scheme | Damaged status | Not for loan | Permanent Location | Current Location | Shelving location | Date acquired | Total Checkouts | Full call number | Barcode | Date last seen | Date last checked out | Price effective from | Koha item type |
|---|---|---|---|---|---|---|---|---|---|---|---|---|---|---|---|
| WITHDRAWN | Central Library (CL) | Central Library (CL) | General Stacks | 02/11/2014 | 1 | BIT-10 AWA | SEECSP01407 | 12/15/2014 | 12/15/2014 | 02/11/2014 | Project Report |
